000 00689nam a2200205Ia 4500
005 20260121110239.0
008 008 260114s9999 xx 000 0 hin d
020 _a9788132357292
037 _aEBOOK
040 _aCRL
_bhin
_cCRL
041 _ahin
_2hin
084 _qCRL
100 _aसंघर्ष सिंह / Sangharsh Singh
_9943835
245 0 _aआधुनिक भारतीय समाज के शिल्पी / Aadhunik Bhartiya Samaj Ke Shilpi
260 _bभाषा प्रकाशन / Bhasha Prakashan
_c2021
856 _uhttps://bhashaprakashan.com/product-details/378870
942 _cEBOOK
999 _c1535500
_d1535500